000
00223 a2200097 4500
001
30607
100
_a
Palardy
245
_a
Teaching Today : Tasks & Challenges
260
_a
NY
_b
Macmillan Pub Co
_c
090
_c
20547
_d
20547
942
_a
NUST-CAE
_c
M
_c
11722
999
_c
265680
_d
265680